CONTABILIDAD TEORIA Y PRACTICA (Registro nro. 9932)
[ vista simple ]
| 000 -LEADER | |
|---|---|
| fixed length control field | 00462nam a2200157 a 4500 |
| 001 - CONTROL NUMBER | |
| control field | 9932 |
| 005 - DATE AND TIME OF LATEST TRANSACTION | |
| control field | 20180713193948.0 |
| 008 - FIXED-LENGTH DATA ELEMENTS--GENERAL INFORMATION | |
| fixed length control field | 140415s1990 000 0 spa d |
| 041 ## - LANGUAGE CODE | |
| Language code of text/sound track or separate title | spa |
| 082 ## - DEWEY DECIMAL CLASSIFICATION NUMBER | |
| Classification number | 657.07 |
| Item number | NAV |
| 100 1# - MAIN ENTRY--PERSONAL NAME | |
| Personal name | NAVA ORTIZ, MARIA DEL ROCIO |
| 245 10 - TITLE STATEMENT | |
| Title | CONTABILIDAD TEORIA Y PRACTICA |
| 260 ## - PUBLICATION, DISTRIBUTION, ETC. | |
| Place of publication, distribution, etc. | [s.l.] : |
| Name of publisher, distributor, etc. | MCGRAW HILL INTERAMERICANA DE MEXICO, |
| Date of publication, distribution, etc. | 1990 |
| 300 ## - PHYSICAL DESCRIPTION | |
| Extent | 160 |
| 650 14 - SUBJECT ADDED ENTRY--TOPICAL TERM | |
| Topical term or geographic name entry element | CONTABILIDAD |
| General subdivision | PROBLEMAS Y EJERCICIOS, ETC. |
| Withdrawn status | Lost status | Source of classification or shelving scheme | Damaged status | Not for loan | Collection code | Home library | Current library | Shelving location | Date acquired | Source of acquisition | Inventory number | Total Checkouts | Full call number | Barcode | Date last seen | Price effective from | Koha item type |
|---|---|---|---|---|---|---|---|---|---|---|---|---|---|---|---|---|---|
| Dewey Decimal Classification | General | Biblioteca Karol Wojtyla | Biblioteca Karol Wojtyla | Sala general | 03/12/2013 | Compra | 151000000000000000024909 | 657.07 NAV | 24537 | 05/01/2026 | 03/12/2013 | Libro | |||||
| No inventariado | Dewey Decimal Classification | Biblioteca Karol Wojtyla | Biblioteca Karol Wojtyla | 03/12/2013 | Compra | 657.07 NAV | 24536 | 03/12/2013 | Libro | ||||||||
| Descarte | Dewey Decimal Classification | Biblioteca Karol Wojtyla | Biblioteca Karol Wojtyla | 03/12/2013 | Compra | 657.07 NAV | 24538 | 03/12/2013 | Libro |